00364nam a2200133Ia 450000500170000000800410001702000060005808200150006410000290007924500390010826000560014730000150020365000120021820240502025946.0240331s9999 xx 000 0 und d a  bHANa1979  aSri Lanka school work, d 0aHandbook for estate creche workers acolombobThe Sri Lanka school of social work c1979 a100 p .,  aSocial